00713nam a2200169 a 450000100100000000500170001000800410002704000250006808200150009310000360010824500560014426000400020030000200024059000780026095201880033899900170052600003529020250207101102.0111027s1970 sp 000 0 spa d aDO-SdBNPbspacBNPHU axxxxbxxxx1 aTejera, Eduardo Jb1947-91074910aRecuerdos de un instante..... /cEduardo J. Tejera. aMadrid :bGráfia Clemares,c1970. a23 p. ;c20 cm. aPerteneció a la biblioteca personal de Federico Henríquez y Carvajal. 001050718MOaGRbGRcHDd2011-10-27iLF1l0oxxxx xxxxp35290-10r2020-06-25w2020-06-25y1zPerteneció a la biblioteca personal de Federico Henríquez y Carvajal.ZNo se presta c34781d34781